| 000 | 00345nam a2200133Ia 4500 | ||
|---|---|---|---|
| 008 | 210210b1972 xxu||||| |||| 00| 0 eng d | ||
| 082 | _a306.0954 SINR | ||
| 100 | _aSINGH (K). | ||
| 245 | _aRefresher course in Indian social system. | ||
| 260 |
_aLucknow _bPrakashan Kendra. _c1972 |
||
| 300 | _a388 | ||
| 690 | _aIndian Society | ||
| 906 | _a030182 | ||
| 999 |
_c81371 _d81371 |
||